Aktuálne problémy slovenského trhu práce

Charakteristika trhu práce v Slovenskej republike. Najväčšie štrukturálne problémy trhu práce v SR. Počet nezamestnaných podľa dĺžky trvania nezamestnanosti (1998-2008). Nové nástroje aktívnej politiky trhu práce.

Gespeichert in:
Bibliographische Detailangaben
1. Verfasser: Pongráczová, Eva, 1971-
Format: Buchkapitel
Sprache:Slowakisch
Schlagworte:
Tags: Tag hinzufügen
Keine Tags, Fügen Sie das erste Tag hinzu!

MARC

LEADER 00000nla$a2200000$$$4500
001 0105719
005 20240502072156.7
041 0 |a slo 
044 |a SK 
245 1 0 |a Aktuálne problémy slovenského trhu práce  |c Eva Pongráczová 
520 |a Charakteristika trhu práce v Slovenskej republike. Najväčšie štrukturálne problémy trhu práce v SR. Počet nezamestnaných podľa dĺžky trvania nezamestnanosti (1998-2008). Nové nástroje aktívnej politiky trhu práce. 
610 2 0 |a trh práce 
610 2 0 |a zamestnanosť 
610 2 0 |a nezamestnanosť 
610 2 0 |a zamestnanie 
610 2 0 |a regióny 
610 2 0 |a opatrenia 
610 2 0 |a podpora štátna 
100 1 |a Pongráczová, Eva, 1971-